000 00340nam a2200145Ia 4500
005 20251222144743.0
008 251222s9999||||xx |||||||||||||| ||spa||
020 _a978-970-10-6928-8
082 _a613.2/R85
100 _aRoth, Ruth A.
245 0 _aNutrición y Dietoterapia
250 _a9a.ed.
264 _bMcGRAW-HILL
942 _cLIB
999 _c19051
_d19051